[Event "LSS RN-2010-0-00325"]
[Site "LSS email"]
[Date "2010.10.11"]
[Round "?"]
[White "Fuehrer, Paul"]
[Black "Jaszczowski, Zdzislaw"]
[Result "1-0"]
[WhiteElo "800"]
[BlackElo "775"]
[PlyCount "59"]
[EventDate "2010.09.27"]
[EventType "tourn (corr)"]
[EventRounds "6"]
[EventCountry "GER"]
[SourceTitle "Telechess CBM 143"]
[Source "ChessBase"]
[SourceDate "2011.07.15"]
[SourceVersion "1"]
[SourceVersionDate "2011.07.15"]
[SourceQuality "1"]

1. c4 e5 2. Nc3 c6 3. Nf3 d6 4. d4 exd4 5. Qxd4 Nf6 6. Bg5 Be7 7. 0-0-0 0-0 8. Bxf6 gxf6 9. e3 Bf5 10. g4 Bg6 11. h4 h5 12. gxh5 Bh7 13. Qf4 Kh8 14. Bd3 f5 15. Ng5 Bxg5 16. hxg5 Qe7 17. g6 fxg6 18. hxg6 Na6 19. gxh7 Rf7 20. Bxf5 Raf8 21. Qd4+ Rg7 22. Qxd6 Qxd6 23. Rxd6 Nc7 24. Ne2 Ne8 25. Rd8 Re7 26. Nf4 Rxf5 27. Ng6+ Kg7 28. h8Q+ Kxg6 29. f4 Ng7 30. Rh6+ 1-0

[Event "LSS RN-2010-0-00325"]
[Site "LSS email"]
[Date "2010.10.11"]
[Round "?"]
[White "Ruslin, Alexey"]
[Black "Fuehrer, Paul"]
[Result "1/2-1/2"]
[WhiteElo "1005"]
[BlackElo "800"]
[PlyCount "139"]
[EventDate "2010.09.27"]
[EventType "tourn (corr)"]
[EventRounds "6"]
[EventCountry "GER"]
[SourceTitle "Telechess CBM 145"]
[Source "Chessbase"]
[SourceDate "2011.11.11"]
[SourceVersion "1"]
[SourceVersionDate "2011.11.11"]
[SourceQuality "1"]

1. d4 d5 2. Nf3 Nf6 3. b3 e6 4. a3 Bd6 5. Bb2 0-0 6. e3 c5 7. Be2 cxd4 8. exd4 Qc7 9. Nbd2 Ng4 10. h3 Nf6 11. Ne5 Bxe5 12. dxe5 Nfd7 13. f4 f6 14. Nf3 fxe5 15. fxe5 Nc6 16. 0-0 Ndxe5 17. Nxe5 Rxf1+ 18. Qxf1 Nxe5 19. Qf4 Qc5+ 20. Bd4 Ng6 21. Qe3 Qxc2 22. Rc1 Qe4 23. Qxe4 dxe4 24. Bxa7 Rxa7 25. Rxc8+ Kf7 26. Rc7+ Kf6 27. a4 Nf4 28. Kf2 Nd5 29. Rc4 Ke5 30. g3 b6 31. Bg4 Rf7+ 32. Ke2 Rc7 33. Rxc7 Nxc7 34. Ke3 Nd5+ 35. Ke2 g5 36. Kd2 h6 37. Ke2 Kd6 38. Kd2 Ke7 39. Ke2 Kf6 40. Kd2 Ne7 41. b4 Nc6 42. Kc3 Ke5 43. Be2 Kd6 44. Bb5 Ne7 45. a5 Nd5+ 46. Kb3 bxa5 47. bxa5 Kc5 48. Be2 e3 49. a6 Kb6 50. Kc2 Nb4+ 51. Kc3 Nxa6 52. Kd3 Kc5 53. Kxe3 Nb4 54. Ke4 Kd6 55. Bg4 Nd5 56. Bf3 Nf6+ 57. Kd4 h5 58. Be2 e5+ 59. Ke3 Kd5 60. Bd1 e4 61. h4 gxh4 62. gxh4 Ng4+ 63. Bxg4 hxg4 64. h5 Ke5 65. h6 Kf6 66. Kxe4 Kg6 67. h7 Kxh7 68. Kf4 g3 69. Kxg3 Kg7 70. Kg4 1/2-1/2

[Event "CP-2010-P-00055"]
[Site "LSS email"]
[Date "2010.09.28"]
[Round "?"]
[White "Fuehrer, Paul"]
[Black "Krupa, Bartlomiej"]
[Result "0-1"]
[WhiteElo "1041"]
[BlackElo "2162"]
[PlyCount "66"]
[EventDate "2010.10.01"]
[EventType "tourn (corr)"]
[EventRounds "6"]
[EventCountry "GER"]
[SourceTitle "Telechess CBM 151"]
[Source "ChessBase"]
[SourceDate "2012.11.13"]
[SourceVersion "1"]
[SourceVersionDate "2012.11.13"]
[SourceQuality "1"]

1. c4 e5 2. Nc3 Nc6 3. Nf3 f5 4. d4 e4 5. d5 exf3 6. dxc6 fxg2 7. Bxg2 dxc6 8. Qxd8+ Kxd8 9. Bg5+ Ke8 10. 0-0-0 Be6 11. b3 Bd6 12. e4 Kf7 13. Bh3 h6 14. Bd2 Ne7 15. f4 Bb4 16. e5 Rad8 17. Kc2 g5 18. Ne2 Bxd2 19. Rxd2 b5 20. Rxd8 Rxd8 21. cxb5 cxb5 22. Rg1 Nd5 23. fxg5 Ne3+ 24. Kc3 hxg5 25. Rxg5 c5 26. Ng3 b4+ 27. Kb2 Rd2+ 28. Kb1 c4 29. bxc4 Rf2 30. Ka1 a5 31. Rh5 Kg6 32. Rh8 Nxc4 33. Kb1 Rxh2 0-1